Руководящие указания по исследованию резания древесных материалов. 1: Методология исследований процессов резания древесных материалов (Запись № 8382764)

Подробности
000 -МАРКЕР
контрольное поле 01297nam2a22002531 4500
001 - ИДЕНТИФИКАТОР ЗАПИСИ
контрольное поле rc\4934297
005 - ИДЕНТИФИКАТОР ВЕРСИИ
контрольное поле 20250612205959.0
021 ## - НОМЕР ГОСУДАРСТВЕННОЙ РЕГИСТРАЦИИ
Код страны Российская Федерация
Номер Рг4959-65
035 ## - ДРУГИЕ СИСТЕМНЫЕ НОМЕРА
Идентификатор записи (NLR Aleph) 008847981
100 ## - ДАННЫЕ ОБЩЕЙ ОБРАБОТКИ
Данные общей обработки 20130426d1963 |||y0rusy50 ca
101 0# - ЯЗЫК РЕСУРСА
Язык текста, звукозаписи и т.д. русский
102 ## - СТРАНА ПУБЛИКАЦИИ ИЛИ ПРОИЗВОДСТВА
Страна публикации Российская Федерация
105 ## - ПОЛЕ КОДИРОВАННЫХ ДАННЫХ: ТЕКСТОВЫЕ МАТЕРИАЛЫ, МОНОГРАФИЧЕСКИЕ
Кодированные данные о монографическом текстовом документе y z |||||
200 1# - ЗАГЛАВИЕ И СВЕДЕНИЯ ОБ ОТВЕТСТВЕННОСТИ
Основное заглавие Методология исследований процессов резания древесных материалов
Сведения, относящиеся к заглавию Ред. 1
Первые сведения об ответственности Разработано НИС'ом Моск. лесотехн. ин-та по теме № 5750а в 1963 г. на кафедре "Станки и инструменты" проф. д-ром техн. наук Манжос Ф.М.
210 ## - ПУБЛИКАЦИЯ, РАСПРОСТРАНЕНИЕ И ДР.
Дата издания, распространения и т.д. [1963]
Место издания, распространения и т.д. Б. м.
215 ## - ФИЗИЧЕСКАЯ ХАРАКТЕРИСТИКА
Специфическое обозначение материала и объем [2], 60 л.
461 #0 - УРОВЕНЬ НАБОРА
Встроенное поле 001rc\4934296
-- 2001#$aРуководящие указания по исследованию резания древесных материалов$e1-$v1
Системный номер (АБИС) связанной записи 8382759
Место публикации [Москва
Дата публикации 1964]
Имя издателя, распространителя и т.д. Б. и.
Сведения, относящиеся к заглавию 1-
Заглавие Руководящие указания по исследованию резания древесных материалов
Номер тома 1
702 #1 - ИМЯ ЛИЦА - ВТОРИЧНАЯ ОТВЕТСТВЕННОСТЬ
Начальный элемент ввода Манжос
Часть имени, кроме начального элемента ввода Ф.М.
Расширение инициалов личного имени Федор Матвеевич
Код отношения Прочие
801 #0 - ИСТОЧНИК ЗАПИСИ
Страна Российская Федерация
Организация NLR
Правила каталогизации psbo
801 #1 - ИСТОЧНИК ЗАПИСИ
Страна Российская Федерация
Организация ELAR
Источник данных rusmarc
852 ## - МЕСТОНАХОЖДЕНИЕ И ШИФР ХРАНЕНИЯ
Идентификатор организации NLR
Шифр хранения (Call Number) 65-8/1067
942 ## - ДОПОЛНИТЕЛЬНЫЕ ЭЛЕМЕНТЫ ЗАПИСИ (АБИС)
Тип экземпляра АБИС Книга
980 ## - КОЛЛЕКЦИЯ
Название коллекции Национальная библиография
Экземпляры
Тип экземпляра Дата поступления Библиотека постоянного хранения Библиотека текущего хранения Место хранения Шифр хранения Штрих-код Статус экземпляра
Книга 26.10.2013 РНБ (Московский) РНБ (Московский) Русский книжный фонд: издания с 1957 года 65-8/1067 8847981-10